01350nam a2200325 a 4500001001200000003000800012006001900020007001500039008004100054015001500095016001900110020001500129040002100144035002000165050002300185082002200208100002000230245014600250260005200396300004100448504005100489533015200540650005700692650004000749650004300789655002900832700002000861710001700881856012600898ebr10001841CaPaEBRm u cr cn|||||||||011029s2001 enkab sb 001 0 eng  aGBA1-618157 a05218019662Uk z0521801966 aCaPaEBRcCaPaEBR a(OCoLC)5122472814aQH344b.B43 2001eb04a577.1440151182211 aBeerling, D. J.10aVegetation and the terrestrial carbon cycleh[electronic resource] :bmodelling the first 400 million years /cD.J. Beerling & F.I. Woodward. aCambridge :bCambridge University Press,c2001. ax, 405 p. :bill., maps (some col.). aIncludes bibliographical references and index. aElectronic reproduction.bPalo Alto, Calif. :cebrary,d2013.nAvailable via World Wide Web.nAccess may be limited to ebrary affiliated libraries. 0aCarbon cycle (Biogeochemistry)xMathematical models. 0aPlant ecologyxMathematical models. 0aPaleoclimatologyxMathematical models. 7aElectronic books.2local1 aWoodward, F. I.2 aebrary, Inc.40uhttp://site.ebrary.com/lib/rucke/Doc?id=10001841zAn electronic book accessible through the World Wide Web; click to view